| 000 | 00900nam a2200229Ii 4500 | ||
|---|---|---|---|
| 003 | JO-AjNU | ||
| 008 | 230605s9999||||xx |||||||||||||| ||und|| | ||
| 017 | _a2009/1/112 | ||
| 020 | _a978-9957-70-158-1 | ||
| 040 |
_aJO-AjNU _bara _erda _cJO-AjNU |
||
| 041 | _aara | ||
| 050 | 1 | 4 | _aPJ7816.A56.Z77 2009 |
| 100 | 3 |
_aمراشدة، علي عبد الحميد, _eauthor _924795 |
|
| 245 | 0 | 0 | _aفي الشعر الحديث : محمود سامي البارودي دراسة فنية |
| 250 | _aط1 | ||
| 264 | 3 | 1 | _aاربد: عالم الكتب الحديث للنشر والتوزيع، 2009 |
| 300 |
_a424ص _bالمصادر والمراجع ص409-423 |
||
| 336 |
_atext _btxt _2rdacontent |
||
| 337 |
_aunmediated _bn _2rdamedia |
||
| 338 |
_avolume _bnc _2rdacarrier |
||
| 650 | 4 |
_aالشعر العربي- تاريخ ونقد- محمود سامي البارودي- العصر الحديث _924796 |
|
| 999 |
_aA9187 _c12755 _d12755 |
||